[Event "AUT Bundesliga 2021-22"]
[Site "Graz"]
[Date "2022.04.23"]
[Round "11.1"]
[White "Dragnev, Valentin"]
[Black "Rozentalis, Eduardas"]
[Result "1/2-1/2"]
[WhiteElo "2533"]
[BlackElo "2542"]
[Annotator "TA"]
[PlyCount "109"]
[EventDate "2021.01.17"]
[EventType "team-tourn"]
[EventCountry "AUT"]
[SourceTitle "playchess.com"]
[Source "ChessBase"]
[SourceQuality "1"]
[TimeControl "40/5400+30:1800+30"]

{[%evp 15,109,41,35,53,45,31,48,41,41,44,49,47,60,54,44,3,20,0,0,0,0,-14,-5,-14,-12,-10,-13,-35,-14,-14,-10,-16,-12,-9,-9,-7,0,0,0,0,0,0,0,0,0,0,0,0,0,0,3,3,3,0,0,0,0,0,0,0,0,0,0,0,0,0,0,0,0,0,0,0,0,0,0,0,0,0,0,0,0,0,0,0,3,3,3,3,3,3,3,3,3,0,3,0]} 1. e4 {[%emt 0:00:03]} e5 {[%emt 0:00:28]} 2. Nf3 Nf6 {[%emt 0:00:07]} 3. Nxe5 {[%emt 0:00:37]} d6 {[%emt 0:00:27]} 4. Nf3 {[%emt 0:00:06]} Nxe4 {[%emt 0:00:07]} 5. d4 {[%emt 0:00:04]} Be7 {[%emt 0:00:25]} 6. Bd3 {[%emt 0:00:13]} Nf6 {[%emt 0:00:52]} 7. O-O {[%emt 0:00:18]} Nc6 {[%emt 0:01:24]} 8. h3 {[%emt 0:04:35]} O-O {[%emt 0:01:38]} 9. Re1 {[%emt 0:00:06] C42: Petroff Defence: 3 Nxe5 and unusual White 3rd moves.} h6 {[%emt 0:01:17]} 10. c3 {[%emt 0:02:40]} Re8 {[%emt 0:01:48]} 11. Bf4 {[%emt 0:01:52] White is slightly better.} Bf8 {[%emt 0:01:08]} 12. Rxe8 {[%emt 0:01:05]} Qxe8 {[%emt 0:01:36]} 13. Nbd2 {[%emt 0:02:44]} Be6 {[%emt 0:02:53] [#]} 14. Qc2 $146 {[%emt 0:00:23]} ({Predecessor:} 14. Ne4 Nxe4 15. Bxe4 f5 16. Bc2 Qf7 17. Bb3 Ne7 18. Bxe6 Qxe6 19. Qb3 Qxb3 20. axb3 {½-½ (31) Predojevic,B (2625)-Rozentalis,E (2509) Austria 2018}) 14... Qd7 {[%emt 0:02:40]} 15. b4 {[%emt 0:00:46]} a6 {[%emt 0:03:42]} 16. a3 {[%emt 0:08:16][%cal Ba2a3,Ba3a4][%mdl 32]} b5 {[%emt 0:02:22]} 17. a4 {[%emt 0:00:53]} Rb8 {[%emt 0:00:39]} 18. Nf1 {[%emt 0:25:40]} Ne7 {[%emt 0:01:04]} 19. Ng3 {[%emt 0:00:29]} Qc6 {[%emt 0:03:24][%cal Oe6h3]} 20. axb5 {[%emt 0:03:23]} axb5 {[%emt 0:01:14][%cal Oe6h3]} 21. Ne1 {[%emt 0:08:07]} Bc4 {[%emt 0:02:01]} (21... Ned5 $5 {[%cal Rd5f4]} 22. Bd2 g6 $11) 22. Bxc4 {[%emt 0:01:46] The position is equal.} Qxc4 {[%emt 0:01:37]} 23. Qd3 {[%emt 0:01:05]} Qc6 {[%emt 0:07:54]} 24. Bd2 {[%emt 0:00:34]} g6 {[%emt 0:01:36]} 25. Nc2 {[%emt 0:03:25]} Ned5 {[%emt 0:02:26]} 26. Ra5 Qd7 {[%emt 0:07:16]} 27. Ne4 {[%emt 0:07:24]} Nxe4 {[%emt 0:03:57]} 28. Qxe4 {[%emt 0:00:02]} c6 {[%emt 0:00:11]} 29. Ne3 {[%emt 0:00:34]} Nxe3 {[%emt 0:01:11]} 30. Bxe3 {[%emt 0:00:14]} d5 {[%emt 0:02:15]} 31. Qg4 {[%emt 0:05:44]} Qxg4 {[%emt 0:03:22]} 32. hxg4 $11 {[%emt 0:00:03][%mdl 4096] Endgame KRB-KRB} Re8 {[%emt 0:00:14]} 33. Ra6 {[%emt 0:04:23]} Re6 {[%emt 0:00:20]} 34. Ra8 {[%emt 0:01:58] [#] Bxh6 is the strong threat.} g5 {[%emt 0:01:04]} 35. Kf1 {[%emt 0:04:44]} Kg7 {[%emt 0:00:30]} 36. Bd2 {[%emt 0:01:09]} Be7 {[%emt 0:02:46]} 37. f3 {[%emt 0:00:34]} Bd6 {[%emt 0:05:08]} 38. Kf2 {[%emt 0:01:48]} Kg6 {[%emt 0:03:54]} 39. Rg8+ {[%emt 0:00:12]} Kh7 {[%emt 0:00:40]} 40. Rc8 {[%emt 0:00:00]} Kg6 {[%emt 0:00:00]} 41. Rg8+ {[%emt 0:04:55]} Kh7 {[%emt 0:00:53]} 42. Rc8 {[%emt 0:00:07]} Kg6 {[%emt 0:00:06]} 43. Be1 {[%emt 0:00:25]} f5 {[%emt 0:03:42]} 44. gxf5+ {[%emt 0:03:11]} Kxf5 {[%emt 0:00:25]} 45. g4+ {[%emt 0:01:05]} Kf6 {[%emt 0:07:02]} 46. Bd2 {[%emt 0:00:46]} Ke7 {[%emt 0:00:26]} 47. Rh8 {[%emt 0:00:38]} Rf6 {[%emt 0:00:38]} 48. Kg2 {[%emt 0:00:50]} Kd7 {[%emt 0:00:28]} 49. Rh7+ {[%emt 0:00:21]} Ke6 {[%emt 0:00:12]} 50. Be1 {[%emt 0:01:48]} Bf4 {[%emt 0:01:13]} 51. Bg3 {[%emt 0:00:12]} Bxg3 {[%emt 0:00:53]} 52. Kxg3 {[%emt 0:00:02]} Kd6 {[%emt 0:00:12]} 53. Rg7 {[%emt 0:00:02]} Ke6 {[%emt 0:00:12]} 54. Rh7 {[%emt 0:00:04]} Kd6 {[%emt 0:00:13]} 55. Rg7 {[%emt 0:00:04] Weighted Error Value: White=0.03 (flawless) /Black=0.02 (flawless)} 1/2-1/2

[Event "AUT Bundesliga 2021-22"]
[Site "Graz"]
[Date "2022.04.23"]
[Round "11.2"]
[White "Atlas, Valery"]
[Black "Blohberger, Felix"]
[Result "1/2-1/2"]
[WhiteElo "2423"]
[BlackElo "2503"]
[Annotator "TA"]
[PlyCount "65"]
[EventDate "2021.01.17"]
[EventType "team-tourn"]
[EventCountry "AUT"]
[SourceTitle "playchess.com"]
[Source "ChessBase"]
[SourceQuality "1"]
[TimeControl "40/5400+30:1800+30"]

{[%evp 11,65,10,18,-39,0,-24,-18,-27,-27,-23,-4,-11,0,0,0,0,0,0,0,-29,-13,-27,-16,-27,0,-14,-11,-13,0,0,0,0,0,0,0,0,0,0,0,0,8,0,14,10,10,10,11,12,19,20,98,98,222,13,18,16]} 1. e4 {[%emt 0:00:03]} c5 {[%emt 0:00:10]} 2. Nf3 {[%emt 0:00:04]} Nc6 {[%emt 0:00:10]} 3. Nc3 {[%emt 0:00:10]} g6 {[%emt 0:00:20]} 4. d4 {[%emt 0:00:09]} cxd4 {[%emt 0:00:06]} 5. Nxd4 {[%emt 0:00:06]} Bg7 {[%emt 0:00:04]} 6. Nb3 {[%emt 0:00:06]} d6 {[%emt 0:03:54]} 7. g3 {[%emt 0:00:12] B34: Sicilian: Accelerated Dragon with 5 Nc3: sidelines.} (7. h3 $11) 7... Nf6 {[%emt 0:03:58]} (7... Bxc3+ $5 8. bxc3 Nf6 $11) 8. h3 {[%emt 0:00:09]} O-O {[%emt 0:00:20]} 9. Bg2 {[%emt 0:00:06]} Rb8 {[%emt 0:00:24]} 10. a4 {[%emt 0:02:49]} b6 {[%emt 0:10:05]} 11. O-O {[%emt 0:00:39] [#]} a6 $146 {[%emt 0:00:40]} ({Predecessor:} 11... Nd7 12. Be3 Nc5 13. Nd4 Bb7 14. Re1 Qd7 15. Qd2 Ne5 16. b3 Rbc8 17. Rad1 Nc6 {1-0 (25) Onischuk,V (2622)-Durarbayli,V (2625) Chess.com INT 2021}) 12. Nd5 {[%emt 0:04:26]} Nd7 {[%emt 0:04:42]} 13. c3 {[%emt 0:02:02]} Bb7 {[%emt 0:26:39]} 14. Bg5 {[%emt 0:03:56]} h6 {[%emt 0:00:50]} 15. Be3 {[%emt 0:13:07]} e6 {[%emt 0:02:07]} 16. Nf4 {[%emt 0:00:19]} Qc7 {[%emt 0:02:07]} 17. Nd3 {[%emt 0:06:11]} Nde5 {[%emt 0:04:25]} 18. Nxe5 {[%emt 0:02:34]} Nxe5 {[%emt 0:00:16]} 19. Bd4 {[%emt 0:01:04]} Nc4 {[%emt 0:07:32]} (19... f5 {is interesting.} 20. exf5 Bxg2 21. Kxg2 Qb7+) 20. Bxg7 {[%emt 0:00:20]} Kxg7 {[%emt 0:00:07]} 21. Qe2 {[%emt 0:04:39]} d5 {[%emt 0:02:22]} 22. exd5 {[%emt 0:09:33]} Bxd5 {[%emt 0:00:23]} 23. Bxd5 {[%emt 0:01:23]} exd5 {[%emt 0:00:05]} 24. Nd4 {[%emt 0:01:43]} Rfe8 {[%emt 0:01:21]} 25. Qc2 {[%emt 0:00:45]} Qd7 26. Kh2 Re5 {[%emt 0:06:55]} 27. Rfe1 {[%emt 0:24:04]} Rbe8 {[%emt 0:01:39]} 28. Rxe5 {[%emt 0:00:22]} Rxe5 {[%emt 0:00:57]} 29. Kg2 {[%emt 0:03:46]} a5 {[%emt 0:11:15]} 30. Rd1 {[%emt 0:01:25]} Rh5 {[%emt 0:01:35]} (30... Re8 $11 {remains equal.}) 31. g4 $16 {[%emt 0:05:10]} Rg5 {[%emt 0:01:58]} (31... Re5 $16) 32. Re1 $2 {[%emt 0:02:32] [#]} (32. b3 $18) 32... Re5 $11 {[%emt 0:01:23]} 33. Rxe5 {[%emt 0:01:33] Weighted Error Value: White=0.19 (very precise) /Black=0.20 (precise)} 1/2-1/2

[Event "AUT Bundesliga 2021-22"]
[Site "Graz"]
[Date "2022.04.23"]
[Round "11.3"]
[White "Peyrer, Konstantin"]
[Black "Baenziger, Fabian"]
[Result "1/2-1/2"]
[WhiteElo "2301"]
[BlackElo "2418"]
[Annotator "TA"]
[PlyCount "61"]
[EventDate "2021.01.17"]
[EventType "team-tourn"]
[EventCountry "AUT"]
[SourceTitle "playchess.com"]
[Source "ChessBase"]
[SourceQuality "1"]
[TimeControl "40/5400+30:1800+30"]

{[%evp 11,61,21,23,23,18,15,21,21,29,27,25,27,29,14,56,12,16,23,12,3,13,3,23,9,10,9,16,7,22,-8,31,-51,45,48,46,51,54,46,61,39,45,8,33,8,9,0,18,19,27,7,8,0]} 1. d4 {[%emt 0:00:08]} d5 {[%emt 0:00:07]} 2. c4 {[%emt 0:00:04]} c6 {[%emt 0:00:04]} 3. Nf3 {[%emt 0:00:04]} Nf6 {[%emt 0:00:06]} 4. e3 {[%emt 0:00:05]} Bf5 {[%emt 0:00:31]} 5. Nc3 {[%emt 0:00:05]} e6 {[%emt 0:00:04]} 6. Nh4 {[%emt 0:00:07]} Bg6 {[%emt 0:00:32]} 7. Qb3 {[%emt 0:00:08] D12: Slav Defence: 3 Nf3 Nf6 4 e3 Bf5.} Qc7 {[%emt 0:04:02] 7...Qc7 scores better than 7...Qb6.} 8. Nxg6 {[%emt 0:00:10]} hxg6 {[%emt 0:00:06]} 9. g3 {[%emt 0:00:04]} Nbd7 {[%emt 0:02:04]} 10. Bg2 {[%emt 0:00:19]} Be7 {[%emt 0:04:58]} 11. O-O {[%emt 0:01:03]} Nb6 {[%emt 0:01:58]} 12. cxd5 {[%emt 0:01:30]} exd5 {[%emt 0:00:09]} (12... cxd5 {feels hotter.} 13. f3 Nc4 14. e4 Rc8) 13. Bd2 {[%emt 0:05:06]} Qd7 {[%emt 0:13:32] [#]} 14. Rae1 $146 {[%emt 0:04:17]} ({Predecessor:} 14. Rfe1 Nc4 15. Rad1 Nxd2 16. Rxd2 O-O 17. e4 dxe4 18. Nxe4 Rfe8 19. Nxf6+ Bxf6 20. Red1 {0-1 (54) Mueller,O (2258)-Graf,F (2476) Verden/Aller 2014}) 14... O-O {[%emt 0:04:30]} (14... Ng4 {seems wilder.} 15. h3 Nf6 16. e4 dxe4 17. Nxe4 O-O) 15. Re2 {[%emt 0:03:47]} Rfe8 {[%emt 0:04:07][%cal Bf8e8,Be8e6,Be6d6][%mdl 32]} 16. Rfe1 {[%emt 0:01:34]} Bf8 {[%emt 0:01:14]} 17. e4 {[%emt 0:02:30]} Nxe4 {[%emt 0:06:35]} 18. Nxe4 {[%emt 0:00:09]} dxe4 {[%emt 0:00:04]} 19. Bxe4 {[%emt 0:00:18]} Re6 {[%emt 0:02:46]} 20. Bd3 {[%emt 0:04:48][%cal Re2e6]} Rd6 {[%emt 0:15:00]} 21. Bg5 {[%emt 0:07:24]} (21. Bc3 $14) 21... Nd5 {[%emt 0:14:02]} (21... Rxd4 $15 22. Be4 (22. Bxg6 Rb4 $15) 22... Na4) 22. h4 {[%emt 0:01:43]} a5 {[%emt 0:01:36]} 23. a4 {[%emt 0:08:28]} Kh8 {[%emt 0:00:22]} 24. Bc4 {[%emt 0:01:09]} Kg8 {[%emt 0:06:53]} 25. Re4 {[%emt 0:05:16] &Bianco is more active.} Rb8 {[%emt 0:04:46]} 26. Qf3 {[%emt 0:11:20][%cal Og5e7]} Nf6 {[%emt 0:02:24]} 27. Bxf6 {[%emt 0:03:57]} (27. h5 $5 {[%cal Rh5g6]} Nxe4 28. Rxe4 $14) 27... Rxf6 {[%emt 0:01:07]} 28. Rf4 {[%emt 0:00:07]} Rxf4 {[%emt 0:07:16]} 29. Qxf4 {[%emt 0:01:00]} Rd8 {[%emt 0:00:02]} 30. Qe4 {[%emt 0:01:58] Qxg6 is the strong threat.} Qf5 {[%emt 0:01:11]} 31. b3 {[%emt 0:00:40] Weighted Error Value: White=0.16 (very precise) /Black=0.13 (very precise)} 1/2-1/2

[Event "AUT Bundesliga 2021-22"]
[Site "Graz"]
[Date "2022.04.23"]
[Round "11.4"]
[White "Novkovic, Milan"]
[Black "Schneider-Zinner, Harald"]
[Result "1-0"]
[WhiteElo "2360"]
[BlackElo "2370"]
[Annotator "TA"]
[PlyCount "57"]
[EventDate "2021.01.17"]
[EventType "team-tourn"]
[EventCountry "AUT"]
[SourceTitle "playchess.com"]
[Source "ChessBase"]
[SourceQuality "1"]
[TimeControl "40/5400+30:1800+30"]

{[%evp 12,57,19,12,27,29,32,12,12,15,25,0,0,-9,-13,-9,0,0,0,0,0,0,0,0,0,0,0,0,9,7,11,11,11,11,39,27,133,114,188,188,325,340,337,328,326,283,301,300]} 1. d4 {[%emt 0:00:13]} d5 {[%emt 0:00:20]} 2. c4 {[%emt 0:00:13]} e6 {[%emt 0:00:14]} 3. Nc3 {[%emt 0:00:12]} Nf6 {[%emt 0:00:53]} 4. cxd5 {[%emt 0:00:23]} exd5 {[%emt 0:01:00]} 5. Bg5 {[%emt 0:00:11]} c6 {[%emt 0:00:47]} 6. e3 {[%emt 0:00:12]} h6 {[%emt 0:00:38]} 7. Bh4 {[%emt 0:00:33]} Be6 {[%emt 0:00:36] D35: Queen's Gambit Declined: Exchange Variation.} 8. Bd3 {[%emt 0:01:28]} Nbd7 {[%emt 0:02:11]} 9. Nge2 {[%emt 0:03:00]} g5 {[%emt 0:02:10] Inhibits Nf4. The position is equal.} 10. Bg3 {[%emt 0:01:32]} Nh5 {[%emt 0:02:06]} 11. Qc2 {[%emt 0:01:00]} Nxg3 {[%emt 0:00:57]} 12. Nxg3 {[%emt 0:07:25]} h5 {[%emt 0:01:11]} 13. O-O-O {[%emt 0:00:22] [#]} Qc7 $146 {[%emt 0:18:24]} ({Predecessor:} 13... Qf6 14. Nf5 O-O-O 15. h3 h4 16. Kb1 Kb8 17. Rhf1 Rg8 18. g4 Nb6 19. f4 Bxf5 20. Bxf5 {1-0 (47) Salem,A (2690)-Mastrovasilis,D (2627) Warsaw 2021}) 14. h4 {[%emt 0:08:48]} g4 {[%emt 0:06:26]} 15. Nce2 {[%emt 0:08:05]} Bd6 {[%emt 0:07:57]} 16. Nf5 {[%emt 0:00:38]} Bxf5 {[%emt 0:00:40]} 17. Bxf5 {[%emt 0:01:33]} O-O-O {[%emt 0:00:28]} 18. g3 {[%emt 0:08:49]} Kb8 {[%emt 0:01:44]} 19. Kb1 {[%emt 0:05:58]} Nf6 {[%emt 0:01:28]} 20. Rd3 {[%emt 0:09:49]} Rhe8 {[%emt 0:01:57]} 21. Rc1 {[%emt 0:04:00]} Re7 {[%emt 0:10:08]} 22. Qa4 {[%emt 0:02:22]} Ne4 {[%emt 0:05:17]} 23. Bxe4 {[%emt 0:02:48]} Rxe4 {[%emt 0:03:35]} (23... dxe4 $11 24. Rb3 Ka8) 24. Nc3 {[%emt 0:00:39]} Qd7 {[%emt 0:10:06]} (24... Ree8 $16 {keeps fighting.}) 25. Nxe4 $18 {[%emt 0:00:52]} dxe4 {[%emt 0:00:53]} (25... Qf5 {was called for.} 26. Qb3 (26. Qa5 Bc7 $18) 26... dxe4) 26. Rb3 {[%emt 0:02:16] White has a decisive advantage.} Ka8 {[%emt 0:01:40]} 27. d5 {[%emt 0:02:31][%cal Rd5c6]} c5 {[%emt 0:02:30]} 28. Qxe4 {[%emt 0:01:16] Qh7 is the strong threat.} f5 {[%emt 0:00:11]} 29. Qe6 {[%emt 0:01:02] Weighted Error Value: White=0.04 (flawless) /Black=0.21 (precise)} 1-0

[Event "AUT Bundesliga 2021-22"]
[Site "Graz"]
[Date "2022.04.23"]
[Round "11.5"]
[White "Steindl, Johannes"]
[Black "Mundorf, Johannes"]
[Result "0-1"]
[WhiteElo "2237"]
[BlackElo "2253"]
[Annotator "TA"]
[PlyCount "76"]
[EventDate "2021.01.17"]
[EventType "team-tourn"]
[EventCountry "AUT"]
[SourceTitle "playchess.com"]
[Source "ChessBase"]
[SourceQuality "1"]
[TimeControl "40/5400+30:1800+30"]

{[%evp 13,76,2,40,14,17,12,0,0,11,0,35,32,49,0,54,38,39,25,50,65,44,58,51,34,32,35,28,-72,-81,-192,-166,-166,-179,-213,-215,-196,-193,-235,-175,-211,-195,-206,-196,-291,-289,-388,-253,-219,-202,-413,-375,-575,-595,-595,-594,-591,-591,-591,-591,-730,-730,-712,-676,-777,-756]} 1. e4 {[%emt 0:00:02]} e6 {[%emt 0:00:08]} 2. d4 {[%emt 0:00:06]} d5 {[%emt 0:00:05]} 3. e5 {[%emt 0:00:03]} c5 {[%emt 0:00:13]} 4. c3 {[%emt 0:00:03]} Nc6 {[%emt 0:00:14]} 5. Nf3 {[%emt 0:00:06]} Bd7 {[%emt 0:00:29]} 6. Be2 {[%emt 0:00:05]} Nge7 {[%emt 0:00:14]} 7. O-O {[%emt 0:00:10]} Ng6 {[%emt 0:00:21]} 8. a3 {[%emt 0:06:35] C02: French: Advance Variation.} Be7 {[%emt 0:01:31]} 9. b4 {[%emt 0:05:28]} cxd4 {[%emt 0:08:05]} 10. cxd4 {[%emt 0:00:11] The position is equal.} O-O {[%emt 0:01:01] [#]} 11. g3 $146 {[%emt 0:07:30]} ({Predecessor:} 11. Nc3 Rc8 12. Bd2 f6 13. exf6 Bxf6 14. Be1 Nf4 15. Bb5 Nxd4 16. Nxd4 Bxd4 17. Qxd4 Bxb5 18. Bd2 Rxc3 19. Bxf4 Rc4 20. Qd1 {0-1 (20) Kurchenko,E (2068)-Vastrukhin,O (2401) Sochi 2021}) 11... b5 {[%emt 0:08:40]} 12. h4 {[%emt 0:03:03][%cal Bh2h4,Bh4h5,Bh5h6][%mdl 32]} a5 {[%emt 0:03:06]} 13. Nc3 {[%emt 0:08:27]} (13. bxa5 $14 Nxa5 14. h5) 13... Qb6 {[%emt 0:11:46]} (13... axb4 $11 14. Nxb5 bxa3) 14. Rb1 $14 {[%emt 0:26:27]} axb4 {[%emt 0:03:50]} 15. axb4 {[%emt 0:00:09]} Rfb8 {[%emt 0:07:42]} 16. h5 {[%emt 0:04:54]} Nf8 {[%emt 0:01:06]} 17. h6 {[%emt 0:00:13] Black must now prevent hxg7.} g6 {[%emt 0:01:12]} 18. Qd2 {[%emt 0:09:47]} Nxb4 {[%emt 0:03:05]} 19. Qf4 {[%emt 0:00:05]} Qd8 {[%emt 0:01:41]} 20. Be3 {[%emt 0:06:39] [#]} (20. Bd2 $11) 20... Na2 $1 $17 {[%emt 0:05:39] White is now going downhill.} 21. Nd1 {[%emt 0:03:04]} ({Don't blunder} 21. Nxb5 $2 Bxb5 22. Bxb5 (22. Rxb5 $2 Nc3 $19) 22... Nc3 $19) (21. Nxa2 $17 {might work better.} Rxa2 22. Bd1) 21... b4 $19 {[%emt 0:01:30][%cal Bb5b4,Bb4b3,Bb3b2][%mdl 32]} 22. Bd2 {[%emt 0:02:44]} Ba4 {[%emt 0:00:36]} 23. Bd3 {[%emt 0:02:52]} Nd7 {[%emt 0:03:02]} 24. Ne3 {[%emt 0:03:04]} b3 {[%emt 0:03:03]} ({Worse is} 24... Nc3 25. Rb2 $17) 25. Rb2 {[%emt 0:06:39]} Nb4 {[%emt 0:03:49]} 26. Bb1 {[%emt 0:00:05]} Nc6 {[%emt 0:00:18][%cal Bb4c6,Bc6b4,Bb4d3][%mdl 32]} 27. Bd3 {[%emt 0:01:50]} Ba3 {[%emt 0:05:41]} 28. Ng5 {[%emt 0:00:49]} (28. Rbb1 $142) 28... Qe7 {[%emt 0:00:35]} 29. Rbb1 {[%emt 0:00:30]} b2 {[%emt 0:02:41][%cal Oc6d4] And now ...Nxd4! would win.} 30. Ng4 {[%emt 0:00:11]} Nb4 {[%emt 0:00:47]} 31. Nf6+ $2 {[%emt 0:02:47]} (31. Bxb4 Rxb4 32. Kg2) 31... Nxf6 {[%emt 0:00:40] Dancing on a razor blade.} 32. exf6 {[%emt 0:00:27] [#]} (32. Bxb4 {was necessary.} Rxb4 33. exf6) 32... Nxd3 $1 {[%emt 0:03:29][%mdl 512] Black is clearly winning.} 33. Qxb8+ {[%emt 0:01:23]} Rxb8 {[%emt 0:00:01]} 34. fxe7 {[%emt 0:00:06]} Bxe7 {[%emt 0:00:12] A strong pair of Bishops.} 35. Nf3 {[%emt 0:00:44]} Bc2 {[%emt 0:00:05]} 36. Bc3 {[%emt 0:00:40]} Bxb1 {[%emt 0:02:55]} 37. Rxb1 {[%emt 0:00:03]} Rc8 {[%emt 0:00:22]} 38. Bd2 {[%emt 0:00:46]} Rc1+ {[%emt 0:00:17] Weighted Error Value: White=0.47/Black=0.16 (very precise)} 0-1

[Event "AUT Bundesliga 2021-22"]
[Site "Graz"]
[Date "2022.04.23"]
[Round "11.6"]
[White "Atlas, Dmitry"]
[Black "Steiner, Adam"]
[Result "0-1"]
[WhiteElo "2232"]
[BlackElo "2220"]
[Annotator "TA"]
[PlyCount "100"]
[EventDate "2021.01.17"]
[EventType "team-tourn"]
[EventCountry "AUT"]
[SourceTitle "playchess.com"]
[Source "ChessBase"]
[SourceQuality "1"]
[TimeControl "40/5400+30:1800+30"]

{[%evp 9,100,-20,0,-1,0,-24,-30,-58,-42,-76,45,2,30,0,0,0,95,105,90,72,99,0,129,129,137,56,72,23,16,-40,-21,-47,-60,-58,-50,-49,-51,-50,-21,-28,-23,-95,-10,-97,-104,-196,-195,-207,-209,-204,-208,-195,-194,-213,-208,-215,-201,-202,-195,-187,-188,-243,-243,-317,-302,-289,-300,-297,-276,-514,-501,-436,-299,-306,-312,-461,-473,-503,-501,-382,-77,-83,-68,-70,-80,-710,-833,-750,-738,-1440,-1165,-957,-907]} 1. e4 {[%emt 0:00:03]} c6 {[%emt 0:00:05]} 2. d4 {[%emt 0:00:07][%cal Bd2d4,Bd4c5][%mdl 32]} d5 {[%emt 0:00:02]} 3. e5 {[%emt 0:00:09]} c5 {[%emt 0:00:06]} 4. dxc5 {[%emt 0:00:07]} e6 {[%emt 0:00:10]} 5. Qg4 {[%emt 0:00:09]} h5 {[%emt 0:00:51]} 6. Qg3 {[%emt 0:00:09] B12: Caro-Kann: Advance Variation.} h4 {[%emt 0:00:47]} 7. Qg4 {[%emt 0:00:07]} (7. Bb5+ Bd7 8. Qb3 (8. Bxd7+ Nxd7 9. Qb3 Bxc5 $17) 8... Bxc5 $15) 7... Nh6 {[%emt 0:00:14]} 8. Qf4 {[%emt 0:00:16] Black has an edge.} Bxc5 {[%emt 0:03:03]} 9. Bd3 {[%emt 0:01:06] [#]} g6 $146 {[%emt 0:09:41]} (9... f5 $17 {And now ...Ng4 would win.} 10. exf6 Qxf6) ({Predecessor:} 9... Nc6 10. a3 g5 11. Qxg5 Qxg5 12. Bxg5 Nxe5 13. Bxh4 Nxd3+ 14. cxd3 Bd4 15. Nc3 Nf5 {1-0 (34) Indjic,A (2618)-Ostrovskiy,A (2425) Chess.com INT 2020}) 10. Nh3 {[%emt 0:14:00]} Nc6 {[%emt 0:02:00]} 11. O-O {[%emt 0:00:25]} Bd7 {[%emt 0:05:51]} 12. c3 {[%emt 0:03:48]} Qe7 {[%emt 0:14:30]} (12... Qc7 $11) 13. b4 $16 {[%emt 0:03:29]} Bb6 {[%emt 0:00:07][%cal Bc5b6,Bb6d8,Bd8c7,Bc7e5][%mdl 32]} 14. b5 {[%emt 0:00:14] Ba3 is the strong threat.} Na5 {[%emt 0:14:32]} 15. Qa4 {[%emt 0:01:07]} (15. Ba3 $16 Qd8 16. c4) 15... Nc4 {[%emt 0:07:49]} (15... Nf5 $11) 16. Bxc4 {[%emt 0:02:19]} dxc4 {[%emt 0:00:06]} 17. Qxc4 {[%emt 0:01:58]} (17. Na3 $16) 17... Qc5 $14 {[%emt 0:09:59]} 18. Qxh4 {[%emt 0:03:49]} ({Better is} 18. Qf4 $1 $16 {aiming for Ba3.} O-O-O 19. a4) 18... Bd8 $11 {[%emt 0:08:58]} 19. Qe4 {[%emt 0:10:09]} (19. Bg5 $11 Qxe5 20. Bxd8 Rxd8 21. a4 (21. Rd1 Nf5 $17)) 19... Bxb5 $15 {[%emt 0:02:11]} 20. Ba3 {[%emt 0:03:28]} Qc6 $36 {[%emt 0:05:39][%mdl 2048] Black fights for an advantage.} 21. Qxc6+ {[%emt 0:02:25]} Bxc6 {[%emt 0:00:02]} 22. Nd2 {[%emt 0:07:08]} Bc7 {[%emt 0:01:52][%mdl 1024] Black has compensation.} 23. Rfe1 {[%emt 0:05:34]} Nf5 {[%emt 0:01:23]} 24. Ng5 {[%emt 0:03:46]} Rd8 {[%emt 0:07:17]} 25. Nb3 {[%emt 0:12:05]} (25. Nde4 $11 {remains equal.} Bxe5 26. f4 Bxe4 27. Nxe4) 25... Rh5 {[%emt 0:02:56]} (25... Rd5 $17 26. Nf3 Nh4) 26. Ne4 {[%emt 0:03:34]} (26. f4 $1 $11) 26... Bxe5 $17 {[%emt 0:00:01] This bishop pair is nice.} 27. g4 {[%emt 0:00:23]} (27. f4 $17 {was called for.} Bxe4 28. Rxe4 Bxc3 29. Rc1) 27... Rh4 $1 $19 {[%emt 0:02:43]} (27... Bxh2+ 28. Kf1 Bxe4 29. gxh5 $11) (27... Rxh2 28. gxf5 (28. Nf6+ Bxf6 29. Kxh2 Nh4 $17) 28... Rh4 29. Ng3 Bxc3 30. fxg6 $17) 28. f3 {[%emt 0:00:08]} Bxe4 {[%emt 0:00:24]} ({Stronger than} 28... Bxh2+ 29. Kg2 Nd6 30. Nxd6+ Bxd6 31. Bxd6 Rxd6 32. Kg3) ({Less strong is} 28... Rxh2 29. gxf5 gxf5 30. Nd6+ $1 (30. Nf6+ Bxf6 31. Kxh2 Bxc3 $11) 30... Bxd6 31. Bxd6 $11) 29. Rxe4 {[%emt 0:00:13]} Bxh2+ {[%emt 0:00:55]} 30. Kg2 {[%emt 0:03:20]} Nd6 {[%emt 0:00:06]} 31. Ree1 {[%emt 0:00:41]} Bf4 {[%emt 0:00:28]} 32. Rh1 {[%emt 0:00:21]} Rxh1 {[%emt 0:00:47]} 33. Rxh1 {[%emt 0:00:22]} Nc4 {[%emt 0:00:48]} 34. Rh8+ {[%emt 0:01:04]} Kd7 {[%emt 0:00:00]} 35. Rh7 {[%emt 0:00:06]} (35. Rxd8+ $142 Kxd8 36. Bc1 Bxc1 37. Nxc1) 35... e5 {[%emt 0:01:01]} 36. Bb4 {[%emt 0:01:47]} Kc6 {[%emt 0:00:31]} 37. Rxf7 {[%emt 0:00:17] [#]} b6 $1 {[%emt 0:00:31]} 38. Rxa7 {[%emt 0:01:00]} Rh8 {[%emt 0:00:18]} 39. Rg7 $2 {[%emt 0:01:55]} (39. Rf7 {was worth a try.} Ne3+ 40. Kg1) 39... Rh2+ {[%emt 0:00:23][%mdl 64] Skewer} 40. Kg1 {[%emt 0:00:00]} g5 {[%emt 0:00:00]} 41. Rg6+ {[%emt 0:02:17] [#]} Kb5 $1 {[%emt 0:03:55]} 42. Rxg5 {[%emt 0:07:02]} (42. Be7 $142 Rxa2 43. Bxg5 Bxg5 44. Rxg5) 42... Rxa2 {[%emt 0:03:29]} 43. Nd4+ {[%emt 0:07:21]} Ka4 {[%emt 0:00:08]} 44. Ne6 {[%emt 0:00:05]} Nd2 $2 {[%emt 0:13:16]} (44... Bh2+ $19 45. Kh1 Bg3) 45. Rh5 $17 {[%emt 0:00:56]} Nxf3+ {[%emt 0:00:09]} 46. Kh1 {[%emt 0:00:14]} Bg3 {[%emt 0:02:19] &Nero is more active.} 47. Bd6 $2 {[%emt 0:03:49][%mdl 8192] Now White is beyond hope.} ({Not} 47. g5 $2 Bh4 48. Rxh4 Nxh4 $19) (47. Rh3 $17) 47... Nh4 $19 {[%emt 0:02:27] Black is clearly winning.} 48. Rxh4 {[%emt 0:04:12]} Bxh4 {[%emt 0:00:02]} 49. g5 {[%emt 0:00:07]} e4 {[%emt 0:07:06][%cal Be5e4,Be4e3][%mdl 32] Strongly threatening ...e3.} 50. Bf4 {[%emt 0:00:31]} e3 {[%emt 0:01:11] Weighted Error Value: White=0.52/Black=0.32} 0-1